| 000 | 00482nam a2200181Ia 4500 | ||
|---|---|---|---|
| 001 | 22938 | ||
| 005 | 20260414150904.0 | ||
| 008 | 260414t2000||||xx |||||||||||||| ||spa|| | ||
| 041 | _aESP | ||
| 082 |
_a624.171 _bH88 |
||
| 100 |
_aHughes, Thomas J. R. _eAUT |
||
| 245 | 4 |
_aThe finite element method : _blinear static and dynamic finite element analysis |
|
| 260 | _c2000 | ||
| 300 |
_axxii, 682 páginas : _c24 cm. |
||
| 650 | _a0 | ||
| 654 | _aCIC | ||
| 942 |
_cLIB _dJUS _fJUS _2ddc _n |
||
| 999 |
_c22938 _d22938 |
||